[Event "City of Adelaide"]
[Site "Adelaide"]
[Date "2009.07.14"]
[Round "1.1"]
[White "Shohani, Ammar"]
[Black "Cloudsdale, Colin"]
[Result "0-1"]
[WhiteElo "1473"]
[BlackElo "1928"]
[PlyCount "76"]
[EventDate "2009.07.14"]
[EventType "swiss"]
[EventRounds "9"]
[EventCountry "AUS"]

1. e4 c5 2. c4 Nc6 3. d3 g6 4. Nc3 Bg7 5. f4 d6 6. Nf3 e6 7. Be3 Nge7 8. Be2 b6
9. O-O f5 10. e5 dxe5 11. fxe5 Nxe5 12. Nxe5 Bxe5 13. Bf3 Rb8 14. Bg5 h6 15.
Bxe7 Qxe7 16. Qa4+ Kf7 17. Rae1 Bd4+ 18. Kh1 a6 19. Qc2 Bb7 20. Bd5 Bxd5 21.
Nxd5 Qd6 22. Nc3 Kg7 23. Qe2 Rhe8 24. Qf3 Re7 25. g4 Rf8 26. Ne4 Qc6 27. b3
Ref7 28. gxf5 exf5 29. Ng3 Qxf3+ 30. Rxf3 h5 31. Re6 Rf6 32. Re7+ R8f7 33. Re8
Rd7 34. Ne2 Rfd6 35. Nf4 Kf7 36. Re2 Re7 37. Rxe7+ Kxe7 38. Nxg6+ Rxg6 0-1

[Event "City of Adelaide"]
[Site "Adelaide"]
[Date "2009.07.14"]
[Round "1.2"]
[White "Kerr, Bill"]
[Black "Haydn, Gavin"]
[Result "0-1"]
[WhiteElo "1894"]
[BlackElo "1464"]
[PlyCount "70"]
[EventDate "2009.07.14"]
[EventType "swiss"]
[EventRounds "9"]
[EventCountry "AUS"]

1. Nf3 d5 2. g3 c5 3. Bg2 Nc6 4. d3 e5 5. Nbd2 Bd6 6. O-O f5 7. e4 fxe4 8. dxe4
d4 9. Nc4 Bc7 10. a4 Nf6 11. Qe2 O-O 12. Nh4 Qe8 13. Bd2 Bg4 14. Qd3 Qd7 15. f4
exf4 16. gxf4 Rae8 17. e5 Nd5 18. c3 Bd8 19. Nd6 Ne3 20. Bxe3 dxe3 21. Bd5+ Be6
22. Ng2 e2 23. Rf2 c4 24. Qxc4 Bb6 25. Bxe6+ Qxe6 26. Qxe2 Qxd6 27. Ne3 Qh6 28.
a5 Bxe3 29. Qxe3 Nxe5 30. Qxa7 Nd3 31. Rf3 Nxf4 32. Qxb7 Qg5+ 33. Rg3 Ne2+ 34.
Kg2 Nxg3 35. hxg3 Re2+ 0-1

[Event "City of Adelaide"]
[Site "Adelaide"]
[Date "2009.07.14"]
[Round "1.3"]
[White "Fitzpatrick, James"]
[Black "Juszczynski, Mathew"]
[Result "0-1"]
[WhiteElo "1401"]
[BlackElo "1872"]
[PlyCount "94"]
[EventDate "2009.07.14"]
[EventType "swiss"]
[EventRounds "9"]
[EventCountry "AUS"]

1. d4 Nf6 2. Nf3 e6 3. Bg5 d5 4. e3 Be7 5. Bxf6 Bxf6 6. c3 O-O 7. Bd3 Qd6 8.
O-O c5 9. Nbd2 Nc6 10. Re1 e5 11. dxe5 Nxe5 12. Nxe5 Bxe5 13. Nf3 Bg4 14. h3
Bh5 15. Be2 Bf6 16. Nh2 Bg6 17. Bf3 Rad8 18. Nf1 Rfe8 19. Re2 b5 20. Rd2 d4 21.
exd4 cxd4 22. cxd4 Bxd4 23. Bc6 Re5 24. Bf3 Qb6 25. Kh1 Ree8 26. Bc6 Re6 27.
Bxb5 Red6 28. Qe2 Re6 29. Qc4 Bxf2 30. Rxd8+ Qxd8 31. Rd1 Rd6 32. Rxd6 Qxd6 33.
Qc8+ Qf8 34. Qxf8+ Kxf8 35. Nd2 Ke7 36. a4 Kd6 37. b4 Be1 38. Nc4+ Ke6 39. Na5
Bxb4 40. Nc6 Bc5 41. Bc4+ Kf6 42. Nd8 h5 43. Nb7 Bd4 44. Nd6 h4 45. Nc8 Bc5 46.
a5 Bf5 47. Nxa7 Bxa7 0-1

[Event "City of Adelaide"]
[Site "Adelaide"]
[Date "2009.07.14"]
[Round "1.4"]
[White "Mdinaradze, Edgar"]
[Black "Vuckov, George"]
[Result "1-0"]
[WhiteElo "1853"]
[BlackElo "1237"]
[PlyCount "97"]
[EventDate "2009.07.14"]
[EventType "swiss"]
[EventRounds "9"]
[EventCountry "AUS"]

1. c4 Nf6 2. d4 e6 3. Nf3 c5 4. d5 exd5 5. cxd5 d6 6. Nc3 Be7 7. h3 h5 8. e4
Nbd7 9. Bf4 a6 10. a4 h4 11. Bg5 Nh5 12. Be3 Bf6 13. Be2 g6 14. Nd2 Ng7 15. f4
Qe7 16. Nc4 Bxc3+ 17. bxc3 O-O 18. Qd3 Nf6 19. e5 dxe5 20. fxe5 Nfh5 21. O-O
Bf5 22. Qd2 Ng3 23. Bg5 Nxe2+ 24. Kh2 Qc7 25. Qxe2 f6 26. d6 Qf7 27. Bxf6 Ne6
28. Ne3 Qh7 29. Nxf5 gxf5 30. Qc4 Kf7 31. Qd5 Qg6 32. Qxb7+ Kg8 33. Qf3 f4 34.
Bxh4 Ra7 35. Be7 Rf5 36. Qd5 Kh7 37. Rf3 Ng5 38. Bxg5 Rxg5 39. Rxf4 Rg7 40.
Rh4+ Rh5 41. Rxh5+ Qxh5 42. Qe4+ Kh6 43. Rf1 Rg5 44. Rf6+ Kg7 45. Qb7+ Kg8 46.
Qc8+ Kh7 47. Qd7+ Kg8 48. Qe6+ Kg7 49. Qe7+ 1-0

[Event "City of Adelaide"]
[Site "Adelaide"]
[Date "2009.07.14"]
[Round "1.5"]
[White "Daenke, Stephen"]
[Black "Thiyagarajah, Anand"]
[Result "0-1"]
[WhiteElo "1210"]
[BlackElo "1764"]
[PlyCount "48"]
[EventDate "2009.07.14"]
[EventType "swiss"]
[EventRounds "9"]
[EventCountry "AUS"]

1. e4 e5 2. Nf3 d6 3. d4 f5 4. exf5 e4 5. Nfd2 Bxf5 6. c4 Nc6 7. d5 Ne5 8. Nc3
Nf6 9. Be2 Qe7 10. O-O O-O-O 11. b4 Neg4 12. Bxg4 Nxg4 13. Re1 Qe5 14. Bb2
Qxh2+ 15. Kf1 Qh1+ 16. Ke2 Qxg2 17. Qa4 Nxf2 18. Qxa7 Bg4+ 19. Ke3 Qg3+ 20. Nf3
Qxf3+ 21. Kd2 g6 22. Qa8+ Kd7 23. Qxb7 Qd3+ 24. Kc1 Bh6+ 0-1

[Event "City of Adelaide"]
[Site "Adelaide"]
[Date "2009.07.14"]
[Round "1.6"]
[White "Paprzycki, Eryk"]
[Black "Glascott, Brent"]
[Result "0-1"]
[WhiteElo "1556"]
[BlackElo "1126"]
[PlyCount "99"]
[EventDate "2009.07.14"]
[EventType "swiss"]
[EventRounds "9"]
[EventCountry "AUS"]

1. d4 d5 2. c4 dxc4 3. Nf3 e6 4. e4 Bb4+ 5. Nc3 h6 6. Bxc4 Nf6 7. Bd3 O-O 8.
O-O Bxc3 9. bxc3 Nc6 10. Be2 Ne7 11. Ba3 Re8 12. Bxe7 Rxe7 13. e5 Nh7 14. Qd3
g6 15. h4 Qf8 16. Nh2 h5 17. Qe3 Qg7 18. Bc4 f6 19. Nf3 c6 20. Rab1 Rc7 21. Bd3
Bd7 22. exf6 Nxf6 23. Ne5 Ng4 24. Nxg4 hxg4 25. Qg3 Rac8 26. Qxg4 e5 27. Qxg6
Qxg6 28. Bxg6 exd4 29. cxd4 Be6 30. a4 Bc4 31. Rfc1 Bd5 32. g3 Re7 33. Re1 Rcc7
34. Re3 Rxe3 35. fxe3 Kg7 36. Bf5 b6 37. e4 Bc4 38. Kf2 Kf6 39. Ke3 Ba6 40. g4
b5 41. Rb4 bxa4 42. Rxa4 Bb5 43. Ra3 a6 44. g5+ Kg7 45. h5 Bc4 46. h6+ Kh8 47.
g6 Rb7 48. Kf4 Rb3 49. Rxa6 Bxa6 50. g7+ 0-1

[Event "City of Adelaide"]
[Site "Adelaide"]
[Date "2009.07.14"]
[Round "1.7"]
[White "Atrens, Karlis"]
[Black "Anderson-Smith, William"]
[Result "1/2-1/2"]
[WhiteElo "1085"]
[BlackElo "1551"]
[PlyCount "68"]
[EventDate "2009.07.14"]
[EventType "swiss"]
[EventRounds "9"]
[EventCountry "AUS"]

1. c4 e6 2. g3 d5 3. cxd5 exd5 4. Bg2 Nf6 5. Nf3 c6 6. O-O Bf5 7. d3 Nbd7 8.
Qb3 Qc8 9. Qc3 a5 10. Bg5 Be7 11. Ne5 O-O 12. Nxd7 Qxd7 13. Nd2 Rfe8 14. a3 h6
15. Bf4 b5 16. e4 b4 17. Qc2 dxe4 18. dxe4 Bg6 19. Nc4 Qe6 20. Ne5 Rac8 21.
Nxg6 fxg6 22. e5 Nd5 23. Bxd5 cxd5 24. Qe2 g5 25. Bd2 Bd6 26. axb4 axb4 27. Ra6
Qxe5 28. Qxe5 Bxe5 29. Bxb4 Bxb2 30. Rb1 Rc1+ 31. Rxc1 Bxc1 32. Rd6 Rb8 33. Bc5
Rb1 34. Rxd5 Bb2+ 1/2-1/2

[Event "City of Adelaide"]
[Site "Adelaide"]
[Date "2009.07.14"]
[Round "1.8"]
[White "Ivkovic, Novica"]
[Black "Branson, Edward"]
[Result "1-0"]
[WhiteElo "1542"]
[BlackElo "1056"]
[PlyCount "51"]
[EventDate "2009.07.14"]
[EventType "swiss"]
[EventRounds "9"]
[EventCountry "AUS"]

1. f4 d5 2. Nf3 Nf6 3. e3 e6 4. c4 c6 5. Nc3 Bd6 6. d4 O-O 7. Qc2 Bb4 8. Bd3
Bxc3+ 9. bxc3 Ne4 10. Bxe4 dxe4 11. Qxe4 Nd7 12. O-O Nf6 13. Qc2 b6 14. e4 Ba6
15. e5 Nd7 16. Ng5 g6 17. Rf3 Bxc4 18. Rh3 f6 19. Nxh7 Rf7 20. Qxg6+ Rg7 21.
Qh6 Bd3 22. Nxf6+ Nxf6 23. exf6 Rxg2+ 24. Kxg2 Qd5+ 25. Kf2 Qe4 26. Qg7# 1-0

[Event "City of Adelaide"]
[Site "Adelaide"]
[Date "2009.07.14"]
[Round "1.9"]
[White "Lower, Kevin"]
[Black "Turcaj, Pavel"]
[Result "0-1"]
[WhiteElo "938"]
[BlackElo "1530"]
[PlyCount "110"]
[EventDate "2009.07.14"]
[EventType "swiss"]
[EventRounds "9"]
[EventCountry "AUS"]

1. e4 c5 2. Nf3 Nc6 3. d3 g6 4. g3 Bg7 5. Bg2 Nf6 6. O-O d6 7. Nbd2 O-O 8. Re1
Qc7 9. Nf1 Bd7 10. c3 Rad8 11. Bf4 Qb6 12. Qb3 Qxb3 13. axb3 a6 14. e5 Nd5 15.
exd6 Nxf4 16. dxe7 Nxe7 17. gxf4 Nc6 18. Ne5 Nxe5 19. fxe5 Rb8 20. Ra5 b6 21.
Raa1 a5 22. Nd2 Rfe8 23. d4 cxd4 24. cxd4 Bb5 25. Nc4 Rec8 26. Nd6 Rc2 27. Nxb5
Rxb2 28. Rab1 Rd2 29. Bd5 Bf8 30. Bc4 Rc8 31. Red1 Ra2 32. Ra1 Rb2 33. Rab1 Ra2
34. Rdc1 Kg7 35. Nc3 Rd2 36. d5 Bb4 37. Ne4 Rd4 38. f3 a4 39. bxa4 Rcxc4 40.
Rxc4 Rxc4 41. e6 fxe6 42. dxe6 Be7 43. Rxb6 Rxe4 44. fxe4 Bc5+ 45. Kg2 Bxb6 46.
Kf3 Kf6 47. Kg4 Kxe6 48. Kg5 Be3+ 49. Kg4 Ke5 50. Kf3 Bb6 51. h3 h6 52. Kg4
Kxe4 53. h4 Ke5 54. h5 g5 55. Kf3 Kf5 0-1

[Event "City of Adelaide"]
[Site "Adelaide"]
[Date "2009.07.14"]
[Round "1.10"]
[White "Mading, John Thon"]
[Black "Whitney, Garth"]
[Result "1-0"]
[WhiteElo "1412"]
[BlackElo "919"]
[PlyCount "97"]
[EventDate "2009.07.14"]
[EventType "swiss"]
[EventRounds "9"]
[EventCountry "AUS"]

1. d4 d6 2. Nf3 g6 3. c3 Nf6 4. Bf4 Bg7 5. Qc1 Bg4 6. h3 Bxf3 7. exf3 Nbd7 8.
Bd3 O-O 9. Bh6 e5 10. dxe5 Nxe5 11. Bc2 Re8 12. O-O Nd5 13. Bxg7 Kxg7 14. Nd2
Nf4 15. Kh2 Qh4 16. Bd1 Ned3 17. Qc2 Re1 18. Qa4 Rxf1 19. Nxf1 Qxf2 20. Qd4+
Qxd4 21. cxd4 Nxb2 22. Bc2 Nc4 23. g3 Nd5 24. Re1 Kf8 25. Bb3 b5 26. g4 Re8 27.
Rc1 Re2+ 28. Kg3 Ndb6 29. f4 Re4 30. d5 Ne3 31. Kf3 Nxf1 32. Kxe4 Nd2+ 33. Kd4
Nxb3+ 34. axb3 Na8 35. Rc6 Nb6 36. Rxc7 a5 37. Rc6 Nd7 38. Rxd6 Ke7 39. Ra6 a4
40. b4 h6 41. Ra5 f6 42. Rxb5 a3 43. Ra5 g5 44. f5 Ne5 45. Rxa3 Kd6 46. Ra6+
Ke7 47. Re6+ Kf7 48. Rxe5 fxe5+ 49. Kxe5 1-0

[Event "City of Adelaide"]
[Site "Adelaide"]
[Date "2009.07.01"]
[Round "2.1"]
[White "Cloudsdale, Colin"]
[Black "Ivkovic, Novica"]
[Result "1-0"]
[WhiteElo "1928"]
[BlackElo "1542"]
[PlyCount "99"]
[EventDate "2009.07.14"]
[EventType "swiss"]
[EventRounds "9"]
[EventCountry "AUS"]

1. e4 d5 2. exd5 Qxd5 3. Nc3 Qe6+ 4. Be2 Qg6 5. Bf3 c6 6. Nge2 e5 7. d4 Bd6 8.
Ne4 Bf5 9. N2g3 Bxe4 10. Bxe4 Qe6 11. d5 Qd7 12. O-O Nf6 13. Bg5 Nxe4 14. Nxe4
Be7 15. Bxe7 Qxe7 16. d6 Qd8 17. Qh5 Nd7 18. Rad1 h6 19. Kh1 g6 20. Qh3 f5 21.
f4 Qa5 22. fxe5 Qxe5 23. Nc3 O-O-O 24. Rfe1 Qf4 25. Ne2 Qf2 26. Nd4 Rde8 27.
Qc3 Rxe1+ 28. Rxe1 c5 29. Nb5 Rg8 30. Nxa7+ Kb8 31. Nb5 b6 32. Nc7 Kb7 33. Rd1
Qe2 34. Re1 Qf2 35. Rg1 Kc6 36. Qb3 Nf6 37. Qb5+ Kb7 38. Rf1 Qd4 39. Qa6+ Kc6
40. Nb5 Qxb2 41. a4 Qxc2 42. Qa7 Qd3 43. Qc7+ Kd5 44. Qf7+ Ke5 45. Re1+ Ne4 46.
Qxg8 Qd2 47. Qg7+ Kf4 48. Qa1 Nf2+ 49. Kg1 Nh3+ 50. gxh3 1-0

[Event "City of Adelaide"]
[Site "Adelaide"]
[Date "2009.07.21"]
[Round "2.2"]
[White "Juszczynski, Mathew"]
[Black "Mading, John Thon"]
[Result "1-0"]
[WhiteElo "1872"]
[BlackElo "1504"]
[PlyCount "63"]
[EventDate "2009.07.14"]
[EventType "swiss"]
[EventRounds "9"]
[EventCountry "AUS"]

1. e4 d5 2. exd5 Qxd5 3. Nc3 Qd8 4. d4 c6 5. Nf3 Nf6 6. Bc4 e6 7. O-O Bd6 8.
Bg5 h6 9. Bh4 Bc7 10. Ne5 g5 11. Bg3 h5 12. h3 Nbd7 13. Qe2 h4 14. Nxf7 Kxf7
15. Qxe6+ Kg7 16. Qf7+ Kh6 17. Bd3 Rg8 18. Bxc7 Qxc7 19. Ne4 Qf4 20. Rae1 Rg7
21. Qe6 Rg6 22. Nd6 Nf8 23. Qe7 Bf5 24. Nxf5+ Kh5 25. Be2+ g4 26. Bxg4+ Nxg4
27. hxg4+ Qxg4 28. Nxh4 Qxh4 29. Re5+ Rg5 30. Rfe1 Ng6 31. Qh7+ Kg4 32. R1e4+
1-0

[Event "City of Adelaide"]
[Site "Adelaide"]
[Date "2009.07.21"]
[Round "2.3"]
[White "Turcaj, Pavel"]
[Black "Mdinaradze, Edgar"]
[Result "0-1"]
[WhiteElo "1530"]
[BlackElo "1853"]
[PlyCount "70"]
[EventDate "2009.07.14"]
[EventType "swiss"]
[EventRounds "9"]
[EventCountry "AUS"]

1. e4 e5 2. Nf3 Nc6 3. Bc4 Be7 4. O-O Nf6 5. d3 d6 6. Nc3 Na5 7. Bb3 h6 8. Bd2
c6 9. d4 Qc7 10. dxe5 dxe5 11. Qe1 b6 12. h3 Ba6 13. Ne2 Nxe4 14. Bxa5 bxa5 15.
c4 Bf6 16. Nc3 Nxc3 17. Qxc3 O-O 18. Qe3 Rab8 19. Rab1 Rfe8 20. Qe4 g6 21. Rfe1
Kg7 22. h4 c5 23. h5 Bb7 24. Qe2 e4 25. Nh2 Bd4 26. hxg6 f5 27. Qh5 Re5 28. Qh4
Qd6 29. Qg3 Qxg6 30. Qxg6+ Kxg6 31. Bc2 Kf6 32. b3 Rg8 33. Re2 Re7 34. Nf1 Reg7
35. Ng3 Rxg3 0-1

[Event "City of Adelaide"]
[Site "Adelaide"]
[Date "2009.07.21"]
[Round "2.5"]
[White "Staak, Eric"]
[Black "Paprzycki, Eryk"]
[Result "0-1"]
[WhiteElo "1488"]
[BlackElo "1556"]
[PlyCount "130"]
[EventDate "2009.07.14"]
[EventType "swiss"]
[EventRounds "9"]
[EventCountry "AUS"]

1. d4 Nf6 2. c4 g6 3. Nc3 Bg7 4. e4 d6 5. Be2 O-O 6. Bg5 h6 7. Be3 e5 8. d5
Nbd7 9. Qd2 Kh7 10. f3 Nc5 11. g4 Ng8 12. Nh3 Qh4+ 13. Nf2 Bd7 14. b4 Na6 15.
b5 Nc5 16. Bxc5 dxc5 17. Bd3 Bf6 18. Kd1 a6 19. Rb1 axb5 20. cxb5 b6 21. Bc4
Bg5 22. Qe1 Be7 23. Nd3 Qf6 24. Qg3 Bd6 25. h4 Qe7 26. Qg2 Ra3 27. Rb3 Rfa8 28.
Rxa3 Rxa3 29. Qb2 Ra5 30. Qd2 Qe8 31. a4 Ne7 32. Kc2 Nc8 33. Kb3 Bf8 34. g5 h5
35. f4 exf4 36. Nxf4 Nd6 37. Qe2 Qe5 38. Rf1 Bg7 39. Qd3 Qxc3+ 40. Qxc3 Bxc3
41. Kxc3 Nxe4+ 42. Kd3 Bf5 43. Ke3 Rxa4 44. Bd3 Nd6 45. Nxh5 Bxd3 46. Kxd3 gxh5
47. Rf6 Rd4+ 48. Kc2 Rxd5 49. Rf3 Rd4 50. g6+ Kxg6 51. Ra3 Rxh4 52. Ra8 Nxb5
53. Kc1 Rc4+ 54. Kb1 h4 55. Rg8+ Kf5 56. Kb2 Rc3 57. Rf8 f6 58. Ka2 h3 59. Rh8
Rg3 60. Rh7 Rg2+ 61. Kb3 h2 62. Kc4 c6 63. Rh3 Rc2+ 64. Kd3 Rc3+ 65. Kd2 Rxh3
0-1

[Event "City of Adelaide"]
[Site "Adelaide"]
[Date "2009.07.21"]
[Round "2.6"]
[White "Anderson-Smith, William"]
[Black "Searle, Zachary"]
[Result "0-1"]
[WhiteElo "1551"]
[BlackElo "1746"]
[PlyCount "60"]
[EventDate "2009.07.14"]
[EventType "swiss"]
[EventRounds "9"]
[EventCountry "AUS"]

1. d4 d5 2. c4 c6 3. Nc3 Nf6 4. Nf3 e6 5. Bg5 dxc4 6. e4 b5 7. e5 h6 8. Bh4 g5
9. Nxg5 hxg5 10. Bxg5 Nbd7 11. g3 Qb6 12. Bxf6 Nxf6 13. exf6 Bb7 14. Bg2 O-O-O
15. O-O Rxd4 16. Qc2 c5 17. Bxb7+ Qxb7 18. Ne2 Rd8 19. b3 Bd6 20. bxc4 Rxh2 21.
f3 Bxg3 22. Qe4 Qxe4 23. fxe4 Rxe2 24. Rf3 Be5 25. Rb1 Rdd2 26. cxb5 Bd4+ 27.
Kf1 Rh2 28. Ke1 Rxa2 29. Rc1 Rh1+ 30. Rf1 Bf2+ 0-1

[Event "City of Adelaide"]
[Site "Adelaide"]
[Date "2009.07.21"]
[Round "2.7"]
[White "Kerr, Bill"]
[Black "Atrens, Karlis"]
[Result "1-0"]
[WhiteElo "1894"]
[BlackElo "1085"]
[PlyCount "65"]
[EventDate "2009.07.14"]
[EventType "swiss"]
[EventRounds "9"]
[EventCountry "AUS"]

1. c4 c5 2. Nf3 Nf6 3. d4 d5 4. Nc3 e6 5. cxd5 Nxd5 6. e4 Nxc3 7. bxc3 Qc7 8.
Be2 cxd4 9. cxd4 Bb4+ 10. Bd2 Bxd2+ 11. Qxd2 O-O 12. O-O Bd7 13. Rac1 Qd8 14.
d5 exd5 15. exd5 f5 16. Ne5 Rf6 17. Rfe1 Rd6 18. Nc4 Rh6 19. g3 Bb5 20. Qf4 Nd7
21. Bf3 Nc5 22. Ne5 Qb6 23. Rb1 a6 24. Bg2 Qa7 25. Rbd1 Rf6 26. Qd4 Rd8 27. d6
b6 28. Bd5+ Kh8 29. Bc6 Qb8 30. Bxb5 Rfxd6 31. Nf7+ Kg8 32. Nxd6 axb5 33. Qd5+
1-0

[Event "City of Adelaide"]
[Site "Adelaide"]
[Date "2009.07.21"]
[Round "2.8"]
[White "Glascott, Brent"]
[Black "Shohani, Ammar"]
[Result "0-1"]
[WhiteElo "1126"]
[BlackElo "1473"]
[PlyCount "54"]
[EventDate "2009.07.14"]
[EventType "swiss"]
[EventRounds "9"]
[EventCountry "AUS"]

1. d4 f5 2. Nc3 Nf6 3. Nf3 e6 4. Bg5 Be7 5. h4 d5 6. Qd2 Nbd7 7. O-O-O Bb4 8.
Qe3 O-O 9. Qxe6+ Kh8 10. Qxf5 Bxc3 11. bxc3 Qe7 12. Kb2 Nb6 13. Qf4 Nc4+ 14.
Kb1 Qa3 15. Qc1 Qa5 16. Rd3 Ne4 17. Ne5 Nxc3+ 18. Rxc3 Qxc3 19. Nxc4 Qxc4 20.
e3 Qb4+ 21. Ka1 Rxf2 22. Bd3 Bf5 23. Bxf5 Rxf5 24. g4 Rf2 25. Bf4 c5 26. c3 Qc4
27. dxc5 Qxa2# 0-1

[Event "City of Adelaide"]
[Site "Adelaide"]
[Date "2009.07.21"]
[Round "2.9"]
[White "Branson, Edward"]
[Black "Fitzpatrick, James"]
[Result "1-0"]
[WhiteElo "1056"]
[BlackElo "1401"]
[PlyCount "121"]
[EventDate "2009.07.14"]
[EventType "swiss"]
[EventRounds "9"]
[EventCountry "AUS"]

1. e4 e5 2. Nf3 Nc6 3. d4 exd4 4. Nxd4 Nf6 5. f3 Be7 6. Be3 d5 7. Nxc6 bxc6 8.
e5 Ng8 9. Bd3 c5 10. O-O c6 11. Nd2 c4 12. Be2 Nh6 13. Qc1 Nf5 14. Bf2 Bg5 15.
Bc5 Qa5 16. b4 cxb3 17. Nxb3 Qxc5+ 18. Nxc5 Bxc1 19. Raxc1 O-O 20. Rb1 Ne3 21.
Rfc1 a5 22. a4 Nf5 23. c3 d4 24. Bd3 Rd8 25. Kf2 Be6 26. cxd4 Nxd4 27. Nxe6
fxe6 28. Be4 Rac8 29. Rc5 g6 30. Rb6 Rb8 31. Rxb8 Rxb8 32. Ke3 Rb4 33. Rxa5 c5
34. Kf4 c4 35. Kg5 Kf8 36. Kf6 Ke8 37. Kg7 c3 38. Kxh7 c2 39. Bxg6+ Kd8 40. Rc5
Rb2 41. a5 Ra2 42. Rc4 Ke7 43. a6 Rxa6 44. Bxc2 Nxc2 45. Rxc2 Ra4 46. g4 Ra1
47. Rf2 Kf8 48. g5 Ra4 49. f4 Ra3 50. Kg6 Ke7 51. h4 Ra8 52. h5 Rg8+ 53. Kh7
Kf8 54. h6 Kf7 55. f5 Rxg5 56. fxe6+ Kxe6 57. Rf6+ Kxe5 58. Rg6 Rh5 59. Kg7 Kf5
60. h7 Kf4 61. h8=Q 1-0

[Event "City of Adelaide"]
[Site "Adelaide"]
[Date "2009.07.21"]
[Round "2.10"]
[White "Vuckov, George"]
[Black "Lower, Kevin"]
[Result "1-0"]
[WhiteElo "1237"]
[BlackElo "938"]
[PlyCount "89"]
[EventDate "2009.07.14"]
[EventType "swiss"]
[EventRounds "9"]
[EventCountry "AUS"]

1. c4 Nf6 2. Nc3 d5 3. e3 c6 4. b3 e6 5. Bb2 Nbd7 6. f4 a6 7. Nf3 Nc5 8. cxd5
exd5 9. d4 Bg4 10. Be2 Bxf3 11. gxf3 Ncd7 12. Rg1 Nh5 13. Kd2 Nb6 14. Kc2 g6
15. a4 Bg7 16. Ba3 Nd7 17. Rc1 b5 18. Kb2 Bf8 19. Bxf8 Nxf8 20. Qd2 Ng7 21. e4
bxa4 22. Nxa4 Nd7 23. Rxc6 dxe4 24. fxe4 O-O 25. d5 Nb8 26. Rc4 Qf6+ 27. e5 Qh4
28. Bf3 Nd7 29. e6 fxe6 30. dxe6 Qf6+ 31. Ka2 Qxe6 32. Bd5 Qxd5 33. Qxd5+ Kh8
34. Qxd7 Rad8 35. Qa7 Rd2+ 36. Ka3 Nh5 37. Rc7 Nf6 38. Qc5 Kg8 39. f5 Rdd8 40.
fxg6 h6 41. Qc4+ Nd5 42. Nc3 Rf4 43. Qxa6 Rdf8 44. Qe6+ Kh8 45. Rh7# 1-0

[Event "City of Adelaide"]
[Site "Adelaide"]
[Date "2009.07.21"]
[Round "2.11"]
[White "Whitney, Garth"]
[Black "Daenke, Stephen"]
[Result "0-1"]
[WhiteElo "919"]
[BlackElo "1210"]
[PlyCount "30"]
[EventDate "2009.07.14"]
[EventType "swiss"]
[EventRounds "9"]
[EventCountry "AUS"]

1. e4 c5 2. Nf3 g6 3. d4 cxd4 4. Qxd4 Nf6 5. e5 Nc6 6. Qc3 Nd5 7. Qc4 Nc7 8.
Bf4 Bg7 9. Bd3 O-O 10. O-O Ne6 11. Nbd2 b5 12. Qxb5 Nxf4 13. Be4 Qb6 14. Bxc6
Qxc6 15. Qa4 Qxa4 0-1

[Event "City of Adelaide"]
[Site "Adelaide"]
[Date "2009.07.28"]
[Round "3.1"]
[White "Mdinaradze, Edgar"]
[Black "Cloudsdale, Colin"]
[Result "1-0"]
[WhiteElo "1853"]
[BlackElo "1928"]
[PlyCount "103"]
[EventDate "2009.07.14"]
[EventType "swiss"]
[EventRounds "9"]
[EventCountry "AUS"]

1. e4 c5 2. Nf3 d6 3. b3 Nc6 4. Bb2 Nf6 5. Nc3 e5 6. h3 Be6 7. Bb5 g6 8. d3 Bg7
9. Qd2 Nh5 10. Nd5 O-O 11. g4 f5 12. Bc4 fxg4 13. hxg4 Nf4 14. O-O-O Bxd5 15.
Bxd5+ Nxd5 16. exd5 Rxf3 17. dxc6 Bf6 18. Qe2 Bg5+ 19. Kb1 Rf7 20. cxb7 Rb8 21.
Qe4 Rbxb7 22. Qd5 Qf6 23. Rdf1 Rbd7 24. f3 Qd8 25. Rh3 Kh8 26. Rfh1 Qf8 27. a4
Rf6 28. Bxe5 Qg8 29. Qxg8+ Kxg8 30. Bxf6 Bxf6 31. Re1 Be5 32. Re4 Rf7 33. Kc1
Kg7 34. Kd2 Kf6 35. f4 Bb2 36. c3 d5 37. Re5 d4 38. c4 Ba3 39. Ke2 Rb7 40. Kf3
Rc7 41. Ke4 Bc1 42. Rf3 Bd2 43. f5 g5 44. Re6+ Kf7 45. Rh3 Kg7 46. Kd5 Bf4 47.
Rhh6 Be3 48. Ra6 Rb7 49. Rhc6 Rf7 50. Ke4 h5 51. gxh5 Kh7 52. Rxc5 1-0

[Event "City of Adelaide"]
[Site "Adelaide"]
[Date "2009.07.28"]
[Round "3.2"]
[White "Paprzycki, Eryk"]
[Black "Juszczynski, Mathew"]
[Result "0-1"]
[WhiteElo "1556"]
[BlackElo "1872"]
[PlyCount "52"]
[EventDate "2009.07.14"]
[EventType "swiss"]
[EventRounds "9"]
[EventCountry "AUS"]

1. d4 Nf6 2. c4 e6 3. g3 d5 4. Bg2 Be7 5. Nf3 O-O 6. O-O b6 7. Qc2 Bb7 8. b3 c5
9. cxd5 exd5 10. Bb2 Nc6 11. a3 Rc8 12. dxc5 bxc5 13. Nbd2 Qb6 14. Rab1 Rfd8
15. e4 Nxe4 16. Nxe4 dxe4 17. Qxe4 Nd4 18. Qg4 f5 19. Qh5 g6 20. Qh6 Bxf3 21.
Bxd4 Bf8 22. Qg5 Bxg2 23. Bf6 Bxf1 24. Rxf1 Re8 25. g4 fxg4 26. Qd5+ Qe6 0-1

[Event "City of Adelaide"]
[Site "Adelaide"]
[Date "2009.08.02"]
[Round "3.3"]
[White "Searle, Zachary"]
[Black "Haydn, Gavin"]
[Result "1-0"]
[WhiteElo "1746"]
[BlackElo "1464"]
[PlyCount "41"]
[EventDate "2009.07.14"]
[EventType "swiss"]
[EventRounds "9"]
[EventCountry "AUS"]

1. e4 c5 2. Nf3 d6 3. d4 cxd4 4. Nxd4 Nf6 5. Nc3 a6 6. f3 Qb6 7. Bc4 g6 8. Bb3
Bg7 9. Be3 Qc7 10. Qd2 O-O 11. O-O-O Nc6 12. g4 Na5 13. Bh6 Nxb3+ 14. axb3 b5
15. h4 Bb7 16. h5 b4 17. Nd5 Bxd5 18. exd5 Qa5 19. Kb1 Rac8 20. Bxg7 Kxg7 21.
hxg6 1-0

[Event "City of Adelaide"]
[Site "Adelaide"]
[Date "2009.07.28"]
[Round "3.4"]
[White "Shohani, Ammar"]
[Black "Kerr, Bill"]
[Result "1/2-1/2"]
[WhiteElo "1473"]
[BlackElo "1894"]
[PlyCount "114"]
[EventDate "2009.07.14"]
[EventType "swiss"]
[EventRounds "9"]
[EventCountry "AUS"]

1. e4 Nc6 2. c4 e5 3. d3 Bc5 4. Nc3 Nge7 5. Be3 Bxe3 6. fxe3 d6 7. Nf3 O-O 8.
Be2 h6 9. O-O Ng6 10. Qd2 Nce7 11. h3 c6 12. Nh2 f5 13. Bh5 Be6 14. exf5 Bxf5
15. Rf2 Qd7 16. Raf1 Be6 17. Ne4 b6 18. Ng4 Kh8 19. Qe2 Rxf2 20. Rxf2 d5 21.
cxd5 cxd5 22. Nd2 Rc8 23. Nf3 Rc1+ 24. Kh2 Qc7 25. g3 Ra1 26. Qd2 Rxa2 27. e4
Bxg4 28. Bxg4 dxe4 29. dxe4 Ra1 30. h4 h5 31. Bxh5 Qc1 32. Qxc1 Rxc1 33. Bg4
Kh7 34. h5 Nh8 35. Nxe5 Re1 36. Be2 g6 37. g4 gxh5 38. gxh5 Kh6 39. Kg3 Kg7 40.
Nd3 Rb1 41. Bg4 Nf7 42. h6+ Nxh6 43. Be6 Ng6 44. b3 Rd1 45. Nb4 a5 46. Nd5 Rd4
47. Kf3 Rd3+ 48. Ne3 Ne5+ 49. Ke2 Rxe3+ 50. Kxe3 Neg4+ 51. Bxg4 Nxg4+ 52. Ke2
Nxf2 53. Kxf2 Kf6 54. Ke3 Ke5 55. Kd3 b5 56. Ke3 a4 57. bxa4 bxa4 1/2-1/2

[Event "City of Adelaide"]
[Site "Adelaide"]
[Date "2009.07.28"]
[Round "3.5"]
[White "Ivkovic, Novica"]
[Black "Vuckov, George"]
[Result "0-1"]
[WhiteElo "1542"]
[BlackElo "1237"]
[PlyCount "98"]
[EventDate "2009.07.14"]
[EventType "swiss"]
[EventRounds "9"]
[EventCountry "AUS"]

1. f4 d5 2. e3 c6 3. d4 Nf6 4. Nf3 Bf5 5. c4 e6 6. Nc3 dxc4 7. Bxc4 Nbd7 8. Qb3
Qc7 9. O-O Nb6 10. Bd2 Be7 11. Rae1 Nxc4 12. Qxc4 Ne4 13. Rc1 O-O 14. b4 a6 15.
a4 Nd6 16. Qe2 Ne4 17. Nxe4 Bxe4 18. Bc3 f5 19. Qb2 Bd5 20. Nd2 Bd6 21. Qb1 Qe7
22. Nf3 Rf6 23. Be1 Rh6 24. b5 axb5 25. axb5 Ra3 26. Bd2 Rb3 27. Qa1 Ra3 28.
Qb2 Rb3 29. Qc2 Rxb5 30. Ra1 Bxf3 31. Ra8+ Kf7 32. Rxf3 Bb4 33. Bxb4 Qxb4 34.
Rf1 Ke7 35. Ra2 Rf6 36. Qf2 Kd7 37. Rfa1 Kc7 38. Ra8 Rf8 39. R8a7 g6 40. h3 Rd8
41. Qh4 Qd2 42. Qg3 Rb3 43. Qh4 Qxe3+ 44. Kh2 Qxd4 45. Qxh7+ Rd7 46. Qxg6 Qxf4+
47. Kh1 Rbd3 48. Rf1 Qe4 49. Qg8 Rxh3+ 0-1